Bundesliga Vorlagengeber 2020/2021 - Statistiken

Allgemein
  • Dieses Quiz wurde 196 mal gespielt
  • Das Durchschnittsergebnis liegt bei 6 aus 13
Antwortstatistiken
Vorlagen Verein Spieler % Korrekt
20 FC Bayern München Thomas Müller
99%
10 FC Bayern München Joshua Kimmich
71%
15 Eintracht Frankfurt Filip Kostić
57%
11 Borussia Mönchengladbach Jonas Hofmann
54%
11 FC Bayern München Kingsley Coman
54%
10 FC Bayern München Robert Lewandowski
53%
12 Borussia Dortmund Jadon Sancho
50%
10 SC Freiburg Vincenzo Grifo
46%
13 Eintracht Frankfurt Daichi Kamada
38%
10 Bayer 04 Leverkusen Moussa Diaby
32%
10 1. FC Union Berlin Christopher Trimmel
26%
10 RB Leipzig Dani Olmo
26%
10 Borussia Dortmund Raphaël Guerreiro
21%
Keine übereinstimmenden Quizze gefunden
Verteilung der Resultate
Anzahl Personen mit jedem Resultat
Perzentil nach korrekt beantworteten Fragen
Ihre Resultats-Entwicklung
Sie haben dieses Quiz noch nicht gespielt